[Event "Centrocoop June op-B"]
[Site "Eforie Nord"]
[Date "1998.??.??"]
[Round "?"]
[White "Angheluta, C."]
[Black "Herscovici, M."]
[Result "1-0"]
[WhiteElo "1800"]
[BlackElo "1795"]
[PlyCount "30"]
[EventDate "1998.06.??"]
[EventType "swiss"]
[EventRounds "11"]
[EventCountry "ROU"]
[SourceTitle "EXT 2000"]
[Source "ChessBase"]
[SourceDate "1999.11.16"]
[SourceVersion "1"]
[SourceVersionDate "1999.11.16"]
[SourceQuality "1"]

1. c4 c6 2. e4 d5 3. exd5 cxd5 4. cxd5 Nf6 5. Bc4 Nxd5 6. Qf3 e6 7. Nc3 Nb6 8. Bb5+ N8d7 9. d4 a6 10. Bd3 Nf6 11. Nge2 Nbd5 12. 0-0 Bd7 13. Nxd5 Nxd5 14. Nc3 Bc6 15. Bd2 Bb4 1-0

[Event "Centrocoop June op-B"]
[Site "Eforie Nord"]
[Date "1998.??.??"]
[Round "?"]
[White "Angheluta, C."]
[Black "Razdolksky, Ilija"]
[Result "1/2-1/2"]
[WhiteElo "1800"]
[BlackElo "1650"]
[PlyCount "96"]
[EventDate "1998.06.??"]
[EventType "swiss"]
[EventRounds "11"]
[EventCountry "ROU"]
[SourceTitle "EXT 2000"]
[Source "ChessBase"]
[SourceDate "1999.11.16"]
[SourceVersion "1"]
[SourceVersionDate "1999.11.16"]
[SourceQuality "1"]

1. c4 e6 2. e4 d5 3. cxd5 exd5 4. exd5 Qxd5 5. Nc3 Qa5 6. Nf3 Nf6 7. Bc4 Be7 8. 0-0 0-0 9. Re1 Nc6 10. d4 Bb4 11. Bd2 Bg4 12. a3 Bxc3 13. bxc3 Qf5 14. Qb1 Qxb1 15. Raxb1 b6 16. Bf4 Bf5 17. Rb5 Bd7 18. Rb2 Na5 19. Ba2 Rfe8 20. Rbe2 Rxe2 21. Rxe2 Re8 22. Rxe8+ Nxe8 23. Ng5 h6 24. Nxf7 Kf8 25. Ne5 Bf5 26. g4 Bh7 27. h4 Nd6 28. g5 hxg5 29. hxg5 Bf5 30. c4 b5 31. c5 Ndc4 32. Nxc4 bxc4 33. Bxc7 Nb3 34. d5 Be4 35. d6 Ke8 36. Kf1 Bd3+ 37. Ke1 Kd7 38. Kd1 Nxc5 39. Bb8 Ne4 40. Kc1 a6 41. f4 Nc3 42. Kb2 Ne2 43. Bxc4 Bxc4 44. f5 Nf4 45. Kc3 Ba2 46. Ba7 Kxd6 47. Bb8+ Kd5 48. Bxf4 Ke4 1/2-1/2

[Event "Centrocoop June op-B"]
[Site "Eforie Nord"]
[Date "1998.??.??"]
[Round "?"]
[White "Goreacinic, Dmitri"]
[Black "Angheluta, C."]
[Result "0-1"]
[WhiteElo "2145"]
[BlackElo "1800"]
[PlyCount "63"]
[EventDate "1998.06.??"]
[EventType "swiss"]
[EventRounds "11"]
[EventCountry "ROU"]
[SourceTitle "EXT 2000"]
[Source "ChessBase"]
[SourceDate "1999.11.16"]
[SourceVersion "1"]
[SourceVersionDate "1999.11.16"]
[SourceQuality "1"]

1. Nf3 Nf6 2. c4 c5 3. Nc3 Nc6 4. d4 cxd4 5. Nxd4 d5 6. cxd5 Nxd5 7. Nxc6 bxc6 8. Qa4 Bd7 9. Bd2 Qb6 10. b3 g6 11. Rc1 Bg7 12. e4 Nxc3 13. Bxc3 c5 14. Qc4 Bd4 15. Bd3 0-0 16. 0-0 Rac8 17. Kh1 a6 18. Qd5 Be6 19. Qg5 c4 20. bxc4 Bxc4 21. Bxd4 Qxd4 22. Bxc4 Rxc4 23. f3 Rd8 24. h4 f6 25. Qg4 Kf7 26. Rce1 h5 27. Qg3 Rc2 28. f4 Qc4 29. f5 gxf5 30. Rxf5 Rg8 31. Qf3 Rgxg2 32. Rxh5 0-1

[Event "Centrocoop June op-B"]
[Site "Eforie Nord"]
[Date "1998.??.??"]
[Round "?"]
[White "Gutsu, Sergy"]
[Black "Angheluta, C."]
[Result "1/2-1/2"]
[WhiteElo "1650"]
[BlackElo "1800"]
[PlyCount "36"]
[EventDate "1998.06.??"]
[EventType "swiss"]
[EventRounds "11"]
[EventCountry "ROU"]
[SourceTitle "EXT 2000"]
[Source "ChessBase"]
[SourceDate "1999.11.16"]
[SourceVersion "1"]
[SourceVersionDate "1999.11.16"]
[SourceQuality "1"]

1. g3 g6 2. Bg2 Bg7 3. d4 c6 4. e4 d6 5. a4 Qc7 6. Nc3 e5 7. Nge2 Ne7 8. 0-0 0-0 9. f4 f5 10. fxe5 dxe5 11. d5 Rd8 12. Bg5 fxe4 13. Bxe4 Bg4 14. Kg2 Na6 15. h3 Be6 16. dxe6 Rxd1 17. Raxd1 Nc5 18. Rf7 Bf8 1/2-1/2